Countries by their random facts (Europe edition) - Statistics

General Stats
  • This quiz has been taken 16 times
  • The average score is 35 of 45
Answer Stats
Fact Country % Correct
It's the only country where Catalan is an official language Andorra
100%
It's remembered easiest by its boot shape Italy
100%
The Azores belong to this country Portugal
100%
This country's government is greatly influenced by Russia Belarus
93%
This country holds the headquarters of NATO Belgium
93%
It surprisingly shares a border with Canada Denmark
93%
This country used to be split into an east and west part Germany
93%
The capital of this country is Riga Latvia
93%
This country was invaded, and it started WW2 Poland
93%
Moldova gained independence from this country Romania
93%
Its name is similar to Slovakia's name Slovenia
93%
It's the largest European country other than Russia Ukraine
93%
It's the worlds happiest country Finland
87%
Its flag is almost the same as Italy's flag rotated counterclockwise one time Hungary
87%
Its population is smaller than what it was in 1841 because of a famine Ireland
87%
It's one of two doubly landlocked countries Liechtenstein
87%
It's the worlds most densely populated country Monaco
87%
It famously focuses on having comfortable prison cells for its prisoners Norway
87%
Its highest mountain is Ben Nevis United Kingdom
87%
It serves as the administrative center for the Roman Catholic Church Vatican City
87%
It's the only country flag that contains only red and black Albania
80%
It gained independence from Serbia Kosovo
80%
It has the highest english fluency of all non english speaking countries Netherlands
80%
It's name was recently changed, because another country disapproved of it North Macedonia
80%
The tallest mountain in Europe is found here Russia
80%
The flamingo dance originated in this country Spain
80%
The criossant was invented here Austria
73%
This country got almost all its coastline stolen by its neighbor Bosnia and Herzegovina
73%
It drinks the most beer per capita in the world Czech Republic
73%
The oldest person ever to live was from here France
73%
You can drive southwest from most places here to reach Russia Lithuania
73%
Its flag is France's flag rotated one time counterclockwise except lighter colors Luxembourg
73%
It's known for having the healthiest cuisine in the world Greece
67%
Its the worlds biggest country with no official military forces Iceland
67%
It's the only country with more vehicles than people San Marino
67%
The second largest piece of unclaimed land sits between a country that starts with C and this country Serbia
67%
Its capital is the closest capital city in the world to two other countries Slovakia
67%
It has the worlds fastest declining population Bulgaria
60%
This country is famous for looking like the first letter that it starts with on a map Croatia
60%
It's the worlds least religious country Estonia
60%
It switched to driving on the right in 1967 Sweden
60%
The Rhine river starts here Switzerland
60%
This country is the least interesting in all of Europe, because I found no good facts Malta
53%
It's the most mountainous country in Europe Montenegro
53%
It has the shortest average human height in Europe Moldova
47%
No matching quizzes found
Score Distribution
Percent of People with Each Score
Percentile by Number Answered
Your Score History
You have not taken this quiz